00572nam a2200181Ii 450000100060000000300090000600800410001504000330005604100080008908200140009711000360011124500190014726401310016630000120029733600260030933700280033533800270036312642CO-ViMGA241108s9999||||xx |||||||||||||| ||und|| aCO-ViMGAbspaerdacCO-ViMGA0 aunk04aC868-I57o1 aInstituto Colombiano de Cultura10aObra en Marcha 1a[Lugar de publicación no identificado] : Talleres Gráficos del Departamento Administrativo Nacional de Estadística, 1975 avolumen atextbtxt2rdacontent aunmediatedbn2rdamedia avolumebnc2rdacarrier